Central Library OPAC University of Rajshahi

Aspects of modern ferrous metallurgy, (Record no. 13371)

MARC details
000 -LEADER
fixed length control field 00843cam a22002651 4500
001 - CONTROL NUMBER
control field 13371
003 - CONTROL NUMBER IDENTIFIER
rucl marc code BD-RjUL
005 - DATE AND TIME OF LATEST TRANSACTION
control field 20211208235438.0
008 - FIXED-LENGTH DATA ELEMENTS--GENERAL INFORMATION
fixed length control field 140201s1964 onca b 001 0 eng
035 ## - SYSTEM CONTROL NUMBER
System control number (BD-RjUL)13422
040 ## - CATALOGING SOURCE
Original cataloging agency DLC/ICU
Transcribing agency ICU
Modifying agency DLC
-- BD-RjUL
Language of cataloging eng
041 ## - LANGUAGE CODE
Language code of text/sound track or separate title eng
082 00 - DEWEY DECIMAL CLASSIFICATION NUMBER
Classification number 669.1082
Author mark and year ASP 1964
245 10 - TITLE STATEMENT
Title Aspects of modern ferrous metallurgy,
Statement of responsibility, etc. edited by J.S. Kirkaldy and R.G. Ward.
260 ## - PUBLICATION, DISTRIBUTION, ETC. (IMPRINT)
Place of publication, distribution, etc. Toronto :
Name of publisher, distributor, etc. University of Toronto Press ,
Date of publication, distribution, etc. c1964.
300 ## - PHYSICAL DESCRIPTION
Pagination vi, 356 p. :
Illustrations illus. ;
Size 24 cm.
504 ## - BIBLIOGRAPHY, ETC. NOTE
Bibliography, etc Includes bibliographies and index.
650 #0 - SUBJECT ADDED ENTRY--TOPICAL TERM
Topical term or geographic name as entry element Iron
General subdivision Metallurgy.
9 (RLIN) 41669
Topical term or geographic name as entry element Steel
General subdivision Metallurgy.
9 (RLIN) 41670
700 1# - ADDED ENTRY--PERSONAL NAME
Personal name Kirkaldy, J. S.
Fuller form of name (John Samuel),
Personal name Ward, R. G.
Fuller form of name (Robert George),
Relator term joint ed.
942 ## - ADDED ENTRY ELEMENTS (KOHA)
Source of classification or shelving scheme Dewey Decimal Classification
Koha item type Books
Holdings
Lost status Source of classification or shelving scheme Damaged status Not for loan Collection code Permanent Location Current Location Shelving location Date acquired Source of acquisition Total Checkouts Full call number Date last seen Copy number Koha item type
  Dewey Decimal Classification   Not For Loan Non-fiction Central Library, University of Rajshahi Central Library, University of Rajshahi Reading Room 30/06/1966 Asia foundation   669.1082 ASP 1964 01/02/2014 C-1 Books